000 01175nam a2200301Ia 4500
001 ebr10361879
003 CaPaEBR
006 m u
007 cr cn|||||||||
008 090401s2009 si a sb 001 0 eng d
020 _z9789812797490 (hbk.)
020 _z9812797491 (hbk.)
040 _aCaPaEBR
_cCaPaEBR
035 _a(OCoLC)613658788
050 1 4 _aRA652.2.M3
_bD95 2009eb
245 0 0 _aDynamical modeling and analysis of epidemics
_h[electronic resource] /
_cedited by Zhien Ma and Jia Li.
260 _aNew Jersey :
_bWorld Scientific,
_c2009.
300 _axiii, 498 p. :
_bill.
504 _aIncludes bibliographical references and index.
533 _aElectronic reproduction.
_bPalo Alto, Calif. :
_cebrary,
_d2010.
_nAvailable via World Wide Web.
_nAccess may be limited to ebrary affiliated libraries.
650 0 _aEpidemiology
_xMathematical models.
650 0 _aMedical.
655 7 _aElectronic books.
_2local
700 1 _aMa, Zhien,
_d1935-
700 1 _aLi, Jia,
_d1974-
710 2 _aebrary, Inc.
856 4 0 _uhttp://site.ebrary.com/lib/rucke/Doc?id=10361879
_zAn electronic book accessible through the World Wide Web; click to view
999 _c105064
_d105064